<?xml version="1.0" encoding="UTF-8"?>
<record
    xmlns:xsi="http://www.w3.org/2001/XMLSchema-instance"
    xsi:schemaLocation="http://www.loc.gov/MARC21/slim http://www.loc.gov/standards/marcxml/schema/MARC21slim.xsd"
    xmlns="http://www.loc.gov/MARC21/slim">

  <leader>00462nam a2200157Ia 4500</leader>
  <controlfield tag="008">230718s9999    xx            000 0 und d</controlfield>
  <datafield tag="041" ind1=" " ind2=" ">
    <subfield code="a">eng</subfield>
  </datafield>
  <datafield tag="082" ind1=" " ind2=" ">
    <subfield code="a">658.8'34</subfield>
    <subfield code="b">LIN</subfield>
  </datafield>
  <datafield tag="100" ind1=" " ind2=" ">
    <subfield code="a">Lindstrom M.</subfield>
    <subfield code="9">169705</subfield>
  </datafield>
  <datafield tag="245" ind1=" " ind2=" ">
    <subfield code="a">Buy.ology</subfield>
    <subfield code="b">How Everything We Believe About Why We Buy Is Wrong</subfield>
  </datafield>
  <datafield tag="260" ind1=" " ind2=" ">
    <subfield code="c">2008</subfield>
    <subfield code="b">Radam House Inc</subfield>
  </datafield>
  <datafield tag="300" ind1=" " ind2=" ">
    <subfield code="a">240</subfield>
  </datafield>
  <datafield tag="365" ind1=" " ind2=" ">
    <subfield code="c">Rs.</subfield>
    <subfield code="b">474.00</subfield>
  </datafield>
  <datafield tag="700" ind1=" " ind2=" ">
    <subfield code="a">Lindstrom M.</subfield>
    <subfield code="9">169705</subfield>
  </datafield>
  <datafield tag="906" ind1=" " ind2=" ">
    <subfield code="d">O:0017828-Jul-2009B:56522-Jun-2009</subfield>
    <subfield code="c">MGMT</subfield>
    <subfield code="b">94.8</subfield>
  </datafield>
  <datafield tag="999" ind1=" " ind2=" ">
    <subfield code="c">321782</subfield>
    <subfield code="d">321782</subfield>
  </datafield>
  <datafield tag="952" ind1=" " ind2=" ">
    <subfield code="0">0</subfield>
    <subfield code="1">0</subfield>
    <subfield code="4">0</subfield>
    <subfield code="7">0</subfield>
    <subfield code="a">CCEP</subfield>
    <subfield code="b">CCEP</subfield>
    <subfield code="d">2009-07-28</subfield>
    <subfield code="e">Tbs</subfield>
    <subfield code="f">MGMT</subfield>
    <subfield code="g">379.20</subfield>
    <subfield code="i">565</subfield>
    <subfield code="l">0</subfield>
    <subfield code="o">658.8'34</subfield>
    <subfield code="p">CCEP-BK-32989</subfield>
    <subfield code="r">2023-07-18 00:00:00</subfield>
    <subfield code="t">94.8</subfield>
    <subfield code="v">474.00</subfield>
    <subfield code="w">2009-06-22</subfield>
    <subfield code="y">BK</subfield>
    <subfield code="z">032989</subfield>
  </datafield>
</record>
